000 00984cac a2200277 a 4500
003 CO-PeBPM
005 20250808102114.0
007 ta
008 231129s1980||||ck a||||||||||||| ||spa||
020 _a8425411629
040 _aCO-PeBPM
_bspa
_cCO-PeBPM
_erda
041 _aspa
082 0 4 _a155.4 M228n
_222
100 1 _aMairesse, Anne-Marie
_eautora
245 1 0 _aEl niño y la succión del dedo
_c/ Anne-Marie Mairesse
260 _aBarcelona, España
_b: Herder
_c, 1981
300 _a225 páginas
_bilustraciones en blanco y negro
_c21,5 centímetros
490 _aBiblioteca de Psicología
_v75
500 _aIncluye índice y anexos
504 _aIncluye bibliografía al final del texto
650 1 4 _aSucción del dedo - Aspectos psicológicos
_2LEMB
650 1 4 _aEducación de niños
_2LEMB
650 1 4 _aPsicología Infantil
_2LEMB
942 _2ddc
_cBK
999 _c11851
_d11851